• 首页
  • 本馆介绍
  • 公告通知
  • 最新文献
  • 馆藏检索
  • 电子资源
  • 读者导购
  • 参考咨询
  • 我的图书馆
  • 登录
  • 详细信息显示
  • 放入我的书架
  • 预约/预借图书
  • 作者相关作品
  • 分类相关作品
  • 丛书相关作品
  • 出版社相关作品

书目信息

  • 表格格式
  • 工作单格式
  • 卡片格式
题名:
黄花梨
    
 
作者: 夏弦月 编著
分册:  
出版信息: 北京   新世界出版社  2017.11
页数: 185页
开本: 23cm
丛书名: 收藏赏玩指南
单 册:
中图分类: G262.5 , TS666.2
科图分类:
主题词: 降香黄檀--木家具--收藏--鉴赏--中国
电子资源:
ISBN: 978-7-5104-6412-6
000 00794oam2 2200253 450
001 5340
005 20181015151813.27
010    @a978-7-5104-6412-6@dCNY68.00
100    @a20180513d2017 em y0chiy50 ea
101 0  @achi
102    @aCN@b110000
105    @aa z 000yy
200 1  @a黄花梨@9huang hua li@f夏弦月编著
210    @a北京@c新世界出版社@d2017.11
215    @a185页@d23cm
225 1  @a收藏赏玩指南
330    @a本书是一部讲述黄花梨物件收藏、赏玩知识的图文书。详细介绍了海南黄花梨的简介、特征、历史、分类、价值、鉴别和保养等方面的知识。
461  0 @12001 @a收藏赏玩指南
606 0  @a降香黄檀@x木家具@x收藏@x鉴赏@y中国
690    @aG262.5@v5
690    @aTS666.2@v5
701  0 @a夏弦月@9xia xian yue@4编著
801  0 @aCN@b91MARC@c20180513
905    @aMuseLib@dG262.5@e25
    
    黄花梨/夏弦月编著.-北京:新世界出版社,2017.11
    185页;23cm.-(收藏赏玩指南)
    
    
    ISBN 978-7-5104-6412-6:CNY68.00
    本书是一部讲述黄花梨物件收藏、赏玩知识的图文书。详细介绍了海南黄花梨的简介、特征、历史、分类、价值、鉴别和保养等方面的知识。
●
相关链接 在E读中查询图书 在五车中查询图书 在当当中查询图书 在豆瓣中查询图书


正题名:黄花梨     索取号:G262.5/25         预约/预借

序号 登录号 条形码 馆藏地/架位号 状态 备注
1 1129225   211292251   第一样本阅览室/ [索取号:G262.5/25] 在馆    
2 1129226   211292260   第四借阅区/ [索取号:G262.5/25] 在馆    
3 1129227   211292279   第四借阅区/ [索取号:G262.5/25] 在馆    
4 1129228   211292288   第四借阅区/ [索取号:G262.5/25] 在馆    
5 1129229   211292297   第四借阅区/ [索取号:G262.5/25] 在馆    
唐山师范学院图书馆 欢迎您!
大连网信软件有限公司© 版权所有